Countries Closest to the Ionian Sea - Statistics

General Stats
  • This quiz has been taken 59 times
    52 since last reset
  • The average score is 17 of 20
Answer Stats
km Answer mi % Correct
0 Italy 0
98%
0 Greece 0
96%
253 Croatia 158
94%
106 Malta 66
91%
288 Serbia 180
91%
0 Albania 0
89%
270 Bosnia & Herzegovina 169
89%
530 San Marino 331
89%
565 Slovenia 353
89%
411 Vatican City 257
89%
206 Kosovo 129
87%
179 Montenegro 112
87%
413 Turkey 258
87%
320 Bulgaria 200
85%
149 Macedonia 93
85%
490 Romania 306
83%
451 Libya 282
81%
352 Tunisia 220
81%
578 Algeria 361
79%
619 Hungary 387
70%
No matching quizzes found
Score Distribution
Percent of People with Each Score
Percentile by Number Answered
Your Score History
You have not taken this quiz since the last reset